书目信息 |
| 题名: |
非线性微分方程积分边值问题的研究
|
|
| 作者: | 宋文晶 , 郭斌 著 | |
| 分册: | ||
| 出版信息: | 北京 科学出版社 2017.6 |
|
| 页数: | 126页 | |
| 开本: | 24cm | |
| 丛书名: | ||
| 单 册: | ||
| 中图分类: | O175.8 | |
| 科图分类: | ||
| 主题词: | 非线性方程--微分方程--边值问题--研究 | |
| 电子资源: | ||
| ISBN: | 978-7-03-052991-6 | |
| 000 | 01175nam0 2200265 450 | |
| 001 | 0400001908 | |
| 005 | 20171019191851.0 | |
| 010 | @a978-7-03-052991-6@dCNY45.00 | |
| 100 | @a20170905e2017 em y0chiy50 ea | |
| 101 | 0 | @achi |
| 102 | @aCN@b110000 | |
| 105 | @ay az 000yy | |
| 106 | @ar | |
| 200 | 1 | @a非线性微分方程积分边值问题的研究@9fei xian xing wei fen fang cheng ji fen bian zhi wen ti de yan jiu@f宋文晶,郭斌著 |
| 210 | @a北京@c科学出版社@d2017.6 | |
| 215 | @a126页@d24cm | |
| 300 | @a吉林财经大学出版资助图书 | |
| 320 | @a有书目(第118-126页) | |
| 330 | @a本书主要介绍起源于血管疾病(动脉粥样硬化、动脉瘤)、地下水流、种群动态、等离子物理、计算流体动力学(Computational Fluid Dynamics)等常微分方程积分边值问题相关结果,在简要介绍有关非线性泛函分析中一些基本理论的基础上,对带p-Laplace算子、二阶常微分方程组、四阶常微分方程(组)的积分初(边)值问题,给出了可解性及正解的存在性、多解性的判别依据,展示了常微分方程积分边值问题的研究技巧和方法。 | |
| 606 | 0 | @a非线性方程@x微分方程@x边值问题@x研究 |
| 690 | @aO175.8@v5 | |
| 701 | 0 | @a宋文晶@9song wen jing@4著 |
| 701 | 0 | @a郭斌@9Guo Bin@4著 |
| 801 | 0 | @aCN@b91MARC@c20171019 |
| 905 | @b1025936-40@dO175.8@f5@e142 | |
| 非线性微分方程积分边值问题的研究/宋文晶,郭斌著.-北京:科学出版社,2017.6 |
| 126页;24cm |
| 吉林财经大学出版资助图书 |
| ISBN 978-7-03-052991-6:CNY45.00 |
| 本书主要介绍起源于血管疾病(动脉粥样硬化、动脉瘤)、地下水流、种群动态、等离子物理、计算流体动力学(Computational Fluid Dynamics)等常微分方程积分边值问题相关结果,在简要介绍有关非线性泛函分析中一些基本理论的基础上,对带p-Laplace算子、二阶常微分方程组、四阶常微分方程(组)的积分初(边)值问题,给出了可解性及正解的存在性、多解性的判别依据,展示了常微分方程积分边值问题的研究技巧和方法。 |
| ● |
| 相关链接 |
|
|
|
|
正题名:非线性微分方程积分边值问题的研究
索取号:O175.8/142
 
预约/预借
| 序号 | 登录号 | 条形码 | 馆藏地/架位号 | 状态 | 备注 |
| 1 | 1025936 | 210259361 | 第二样本阅览室/ [索取号:O175.8/142] | 在馆 | |
| 2 | 1025937 | 210259370 | 密集书库-数信学院/ [索取号:O175.8/142] | 在馆 | |
| 3 | 1025938 | 210259389 | 第三借阅区/ [索取号:O175.8/142] | 在馆 | |
| 4 | 1025939 | 210259398 | 第三借阅区/ [索取号:O175.8/142] | 在馆 | |
| 5 | 1025940 | 210259405 | 第三借阅区/ [索取号:O175.8/142] | 在馆 |